| 000 | 00675cab a2200229 4500 | ||
|---|---|---|---|
| 001 | ABS56989 | ||
| 008 | 090401t1997 xxu||||| |||| 00| 0 eng d | ||
| 035 | _a(Sirsi) u98350 | ||
| 041 | _aeng | ||
| 245 | _aREIM waits for clearance | ||
| 260 | _c1997 | ||
| 350 | _a0 | ||
| 490 |
_aEuroProperty _v6(1) May 1997, 7(1) |
||
| 520 | _aReports on the regulatory problems that have slowed the launch of the Real Estate Investment Market (REIM). | ||
| 650 | _aPROPERTY DERIVATIVES MARKET | ||
| 650 | _aREAL ESTATE INVESTMENT MARKET | ||
| 650 | _aREGULATIONS | ||
| 650 | _aREIM | ||
| 690 | _aPROPERTY-PROPERTY FINANCE AND INVESTMENT | ||
| 942 | _n0 | ||
| 948 | _c20/05/1997 | ||
| 999 |
_c59754 _d59754 |
||